| 000 | 00373nam a2200121 4500 | ||
|---|---|---|---|
| 999 |
_c15175 _d15175 |
||
| 008 | 200305b ||||| |||| 00| 0 eng d | ||
| 100 |
_941933 _aRevita, Juliet C. _eAuthor. |
||
| 245 |
_aStories with impact/ _cJuliet C. Revita. |
||
| 260 |
_aDavao City, Philippines; _bSunstar Davao, _c©2019. |
||
| 300 |
_apage 2; _c29.5cm. |
||
| 650 |
_aJournalist. _941934 |
||
| 942 |
_2ddc _cPER |
||